000
00209nam a22000857a 4500
008
170130b xxu||||| |||| 00| 0 eng d
100
_9
2657
_a
Braithwaite.E.R.
245
_a
To sir with Love
260
_a
New York
_c
1987
999
_c
5813
_d
5813